MISIONES EN LA PENINSULA DE BAJA CALIFORNIA

TESIS PROFESIONAL

Gardado en:
Detalles Bibliográficos
Autor Corporativo: Aguilar, José Luis
Formato: Libro
Etiquetas: Engadir etiqueta
Sen Etiquetas, Sexa o primeiro en etiquetar este rexistro!

MARC

LEADER 00000nam^a2200000^a^4500
001 000205999
005 20250521000000.0
009 20260310103134.92
035 |a 033050 
037 |a Acervo Xavier Clavigero 
082 |a 721.  |b AGU 
110 |a Aguilar, José Luis 
245 1 0 |a MISIONES EN LA PENINSULA DE BAJA CALIFORNIA 
264 |a MEXICO :  |b UNIVERSIDAD AUTONOMA DE BAJA CALIFORNIA,  |c 1979 
300 |a 415 p. :  |b il. 
336 |a texto  |b txt  |2 rdacontenido 
337 |a sin mediación  |b n  |2 rdamedio 
338 |a volumen  |b nc  |2 rdasoporte 
520 |a TESIS PROFESIONAL 
649 |a XX 
910 |a Fondo General 
920 |a Impresos - Libros 
930 |a Colección General 
905 |a 101 
901 |a 033050  |b IT1  |c ACC  |i 033050  |u 20250521 
902 |a https://opac.biblio.iteso.mx/vufind/Record/000205999